| 000 | 00446nam a2200133 a 4500 | ||
|---|---|---|---|
| 001 | 000033070 | ||
| 005 | 20200930070017.0 | ||
| 008 | 110809s1944 dr 000 0 spa d | ||
| 040 |
_aDO-SdBNP _bspa _cBNPHU |
||
| 100 | 1 |
_aFernández Fierros, Francisco _958760 |
|
| 245 | 1 | 0 |
_aFlor de oro : _bnovela dominicana / _cFrancisco Fernández Fierros. |
| 260 |
_aCiudad Trujillo, República Dominicana : _bImp. La Opinión, _c1944. |
||
| 300 |
_a90 p. ; _c16 cm. |
||
| 999 |
_c32561 _d32561 |
||